Much ado over coffee Indian coffee house then and now / (Record no. 146056)

MARC details
000 -LEADER
fixed length control field 00839nam a22002297a 4500
005 - DATE AND TIME OF LATEST TRANSACTION
control field 20180409142616.0
010 ## - LCCN (DPL NO)
LC control number 1718EN-30 ENG-122524
020 ## - INTERNATIONAL STANDARD BOOK NUMBER
International Standard Book Number 9789383166169
Terms of availability 975.00
035 ## - SYSTEM CONTROL NUMBER
System control number B-682812-814 EN-106056
037 ## - SOURCE OF ACQUISITION
Source of stock number/acquisition Aakar
Stock number dpl
037 ## - SOURCE OF ACQUISITION
Source of stock number/acquisition DBAD/PUB.
082 ## - DEWEY DECIMAL CLASSIFICATION NUMBER
Classification number 647.9554
100 ## - MAIN ENTRY--PERSONAL NAME
Personal name Bhattacharya, Bhaswati
245 ## - TITLE STATEMENT
Title Much ado over coffee Indian coffee house then and now /
Statement of responsibility, etc by Bhaswati Bhattacharya
260 ## - PUBLICATION, DISTRIBUTION, ETC. (IMPRINT)
Place of publication, distribution, etc New Delhi
Name of publisher, distributor, etc Social Science Press
Date of publication, distribution, etc 2017
270 ## - ADDRESS
Address 69, Jor Bagh
City New Delhi
Postal code 110003
300 ## - PHYSICAL DESCRIPTION
Extent 399p. :
Dimensions 22cm(pbk)
500 ## - GENERAL NOTE
General note Includes index
505 ## - FORMATTED CONTENTS NOTE
Formatted contents note
942 ## - ADDED ENTRY ELEMENTS (KOHA)
Source of classification or shelving scheme Dewey Decimal Classification
Item type English Books
Classification part 647.9554
Call number suffix BHA
Holdings
Withdrawn status Lost status Not for loan Collection code Home library Current library Date acquired Source of acquisition Cost, normal purchase price Full call number Barcode Copy number Cost, replacement price Koha item type
      Non-fiction Ashok Vihar Ashok Vihar 16/01/2018 Aakar/I-2012/30.11.17/BPPD/EN/2017-18/631/20.11.17/14.12.2017 975.00 647.9554 BHA B-682813 1 975.00 English Books
      Non-fiction Central Library Central Library 16/01/2018 Aakar/I-2012/30.11.17/BPPD/EN/2017-18/631/20.11.17/14.12.2017 975.00 647.9554 BHA B-682812 1 975.00 English Books
    Not For Loan Non-fiction D.B.Act.Division Mobile Library 09/04/2018 DBAD/PUB 975.00 647.9554 BHA EN-106056 1 975.00 English Books
      Non-fiction Patel Nagar Patel Nagar 16/01/2018 Aakar/I-2012/30.11.17/BPPD/EN/2017-18/631/20.11.17/14.12.2017 975.00 647.9554 BHA B-682814 1 975.00 English Books

© Delhi Public Library
Hit Counter
free hit counter